000 00516nam a22001697a 4500
999 _c61613
_d61613
005 20240329155541.0
008 240329s2011 gw ||||| |||| 00| 0 ger d
020 _a9783823366546
041 _ager
080 _a811.112.8-88+34 F-71
100 _aFobbe, Eilika
_921636
245 _aForensische Linguistik:
_bEine Einführung /
_cEilika Fobbe.
264 _aTubingen :
_bVerlag,
_c2011.
300 _a280 p.;
_b26 cm.
653 _aსასამართლო ლინგვისტიკა
942 _2udc
_cBK